<?xml version="1.0" encoding="UTF-8"?>
<record
    xmlns:xsi="http://www.w3.org/2001/XMLSchema-instance"
    xsi:schemaLocation="http://www.loc.gov/MARC21/slim http://www.loc.gov/standards/marcxml/schema/MARC21slim.xsd"
    xmlns="http://www.loc.gov/MARC21/slim">

  <leader>00334nam a2200145Ia 4500</leader>
  <controlfield tag="008">191201s2010    xx            000 0 und d</controlfield>
  <datafield tag="082" ind1=" " ind2=" ">
    <subfield code="a">658.083</subfield>
    <subfield code="b">BHB</subfield>
  </datafield>
  <datafield tag="100" ind1=" " ind2=" ">
    <subfield code="a">BHARDWAJ,R.S</subfield>
  </datafield>
  <datafield tag="245" ind1=" " ind2="0">
    <subfield code="a">Business Statistics</subfield>
  </datafield>
  <datafield tag="250" ind1=" " ind2=" ">
    <subfield code="a">2nd Ed</subfield>
  </datafield>
  <datafield tag="260" ind1=" " ind2=" ">
    <subfield code="a">N. delhi</subfield>
    <subfield code="b">Excel Books</subfield>
    <subfield code="c">2010</subfield>
  </datafield>
  <datafield tag="300" ind1=" " ind2=" ">
    <subfield code="a">773</subfield>
  </datafield>
  <datafield tag="650" ind1=" " ind2=" ">
    <subfield code="a">BBA</subfield>
  </datafield>
  <datafield tag="942" ind1=" " ind2=" ">
    <subfield code="2">ddc</subfield>
    <subfield code="c">BK</subfield>
    <subfield code="0">4</subfield>
  </datafield>
  <datafield tag="999" ind1=" " ind2=" ">
    <subfield code="c">4620</subfield>
    <subfield code="d">4620</subfield>
  </datafield>
  <datafield tag="952" ind1=" " ind2=" ">
    <subfield code="0">0</subfield>
    <subfield code="1">0</subfield>
    <subfield code="2">ddc</subfield>
    <subfield code="4">0</subfield>
    <subfield code="7">0</subfield>
    <subfield code="8">BBA</subfield>
    <subfield code="a">PIET</subfield>
    <subfield code="b">PIET</subfield>
    <subfield code="d">2010-08-11</subfield>
    <subfield code="e">The book company</subfield>
    <subfield code="g">295.00</subfield>
    <subfield code="k">IN-2687</subfield>
    <subfield code="l">0</subfield>
    <subfield code="o">658.083 BHB</subfield>
    <subfield code="p">16157</subfield>
    <subfield code="r">2019-12-04 00:00:00</subfield>
    <subfield code="w">2010-08-07</subfield>
    <subfield code="y">BK</subfield>
  </datafield>
  <datafield tag="952" ind1=" " ind2=" ">
    <subfield code="0">0</subfield>
    <subfield code="1">0</subfield>
    <subfield code="2">ddc</subfield>
    <subfield code="4">0</subfield>
    <subfield code="7">0</subfield>
    <subfield code="8">BBA</subfield>
    <subfield code="a">PIET</subfield>
    <subfield code="b">PIET</subfield>
    <subfield code="d">2010-08-11</subfield>
    <subfield code="e">The book company</subfield>
    <subfield code="g">295.00</subfield>
    <subfield code="k">IN-2687</subfield>
    <subfield code="l">2</subfield>
    <subfield code="o">658.083 BHB</subfield>
    <subfield code="p">16158</subfield>
    <subfield code="r">2024-05-21 00:00:00</subfield>
    <subfield code="s">2024-05-20</subfield>
    <subfield code="w">2010-08-07</subfield>
    <subfield code="y">BK</subfield>
  </datafield>
  <datafield tag="952" ind1=" " ind2=" ">
    <subfield code="0">0</subfield>
    <subfield code="1">0</subfield>
    <subfield code="2">ddc</subfield>
    <subfield code="4">0</subfield>
    <subfield code="7">0</subfield>
    <subfield code="8">BBA</subfield>
    <subfield code="a">PIET</subfield>
    <subfield code="b">PIET</subfield>
    <subfield code="d">2010-08-11</subfield>
    <subfield code="e">The book company</subfield>
    <subfield code="g">295.00</subfield>
    <subfield code="k">IN-2687</subfield>
    <subfield code="l">1</subfield>
    <subfield code="o">658.083 BHB</subfield>
    <subfield code="p">16159</subfield>
    <subfield code="r">2023-12-08 00:00:00</subfield>
    <subfield code="s">2022-01-20</subfield>
    <subfield code="w">2010-08-07</subfield>
    <subfield code="y">BK</subfield>
  </datafield>
  <datafield tag="952" ind1=" " ind2=" ">
    <subfield code="0">0</subfield>
    <subfield code="1">0</subfield>
    <subfield code="2">ddc</subfield>
    <subfield code="4">0</subfield>
    <subfield code="7">0</subfield>
    <subfield code="8">BBA</subfield>
    <subfield code="a">PIET</subfield>
    <subfield code="b">PIET</subfield>
    <subfield code="d">2010-08-11</subfield>
    <subfield code="e">The book company</subfield>
    <subfield code="g">295.00</subfield>
    <subfield code="k">IN-2687</subfield>
    <subfield code="l">1</subfield>
    <subfield code="o">658.083 BHB</subfield>
    <subfield code="p">16160</subfield>
    <subfield code="r">2021-12-01 00:00:00</subfield>
    <subfield code="s">2021-11-10</subfield>
    <subfield code="w">2010-08-07</subfield>
    <subfield code="y">BK</subfield>
  </datafield>
  <datafield tag="952" ind1=" " ind2=" ">
    <subfield code="0">0</subfield>
    <subfield code="1">0</subfield>
    <subfield code="2">ddc</subfield>
    <subfield code="4">0</subfield>
    <subfield code="7">0</subfield>
    <subfield code="8">BBA</subfield>
    <subfield code="a">PIET</subfield>
    <subfield code="b">PIET</subfield>
    <subfield code="d">2010-08-11</subfield>
    <subfield code="e">The book company</subfield>
    <subfield code="g">295.00</subfield>
    <subfield code="k">IN-2687</subfield>
    <subfield code="l">4</subfield>
    <subfield code="o">658.083 BHB</subfield>
    <subfield code="p">16161</subfield>
    <subfield code="r">2026-05-04 14:28:12</subfield>
    <subfield code="s">2026-05-01</subfield>
    <subfield code="w">2010-08-07</subfield>
    <subfield code="y">BK</subfield>
  </datafield>
  <datafield tag="952" ind1=" " ind2=" ">
    <subfield code="0">0</subfield>
    <subfield code="1">0</subfield>
    <subfield code="2">ddc</subfield>
    <subfield code="4">0</subfield>
    <subfield code="7">0</subfield>
    <subfield code="8">BBA</subfield>
    <subfield code="a">PIET</subfield>
    <subfield code="b">PIET</subfield>
    <subfield code="d">2010-08-11</subfield>
    <subfield code="e">The book company</subfield>
    <subfield code="g">295.00</subfield>
    <subfield code="k">IN-2687</subfield>
    <subfield code="l">4</subfield>
    <subfield code="o">658.083 BHB</subfield>
    <subfield code="p">16162</subfield>
    <subfield code="r">2024-06-25 00:00:00</subfield>
    <subfield code="s">2024-06-21</subfield>
    <subfield code="w">2010-08-07</subfield>
    <subfield code="y">BK</subfield>
  </datafield>
</record>
